00799nam a2200193 a 450000100100000000500170001000800410002702000150006804000250008310000440010824501000015226000470025230000370029950000330033653400440036970000700041395201050048399900170058800003924420250217091458.0130617s1995 mx ac 000 0 spa d a9681101596 aDO-SdBNPbspacBNPHU1 aJuan PablobIIcpapa,d1920-200591099110aQueridísimos jóvenes /cJuan Pablo II ; prólogo Nicolás de Jesús López Rodríguez. aMéxico :bPlaza & Janes Editores,c1995. a232 p. :bils., retrs. ;c22 cm. aIncluye índice de materias aTítulo oríginal : Carissimi Giovani1 a López Rodríguez, Nicolás de Jesús, d1936-epról.9670 001050718MOaPDbPDcCTd2013-06-17iLF1l0o p39244-10r2020-06-25w2020-06-25y1ZNo se presta c38734d38734